| 000 | 00000nam 2200000za 4500 |
| 001 | 9.697218 |
| 003 | CaOODSP |
| 005 | 20230413151253 |
| 007 | cr ||||||||||| |
| 008 | 150407s2007 onca ob f000 0 eng d |
| 040 | |aCaOODSP|beng |
| 043 | |an-cn--- |
| 086 | 1 |aD2-317/2007E-PDF |
| 100 | 1 |aLagacé-Roy, Daniel, |d1960- |
| 245 | 10|aMentoring handbook |h[electronic resource] / |cDaniel Lagacé-Roy, Janine Knackstedt. |
| 260 | |aOttawa - Ontario : |bNational Defence, |c[2007] |
| 300 | |a28 pages : |billustrations |
| 590 | |a13-03-Supp|b2013-02-11 |
| 690 | 07|aMentoring|2gcpds |
| 690 | 07|aMilitary training|2gcpds |
| 710 | 1 |aCanada. |bDepartment of National Defence. |
| 775 | 08|tManuel sur le mentorat |w(CaOODSP)9.641285 |
| 856 | 40|qPDF|s171 KB|uhttps://publications.gc.ca/collections/collection_2013/dn-nd/D2-317-2007-eng.pdf |